Statistiche per Paesi con armi nucleari

Clicka qui per fare il quiz!

Statistiche generali

  • Questo quiz è stato fatto 4.528 volte
  • Il punteggio medio è 8 su 10

Statistiche sulle risposte

SituazionePaese% Corretto
RiconosciutoStati Uniti
99%
RiconosciutoRussia
98%
RiconosciutoCina
95%
RiconosciutoFrancia
92%
RiconosciutoCorea del Nord
89%
RiconosciutoIndia
82%
RiconosciutoRegno Unito
81%
RiconosciutoPakistan
63%
Non riconosciutoIsraele
60%
AbbandonatoSudafrica
42%

Distribuzione punteggi

Percentile per numero di risposta

Percentuale di utenti per punteggio

I tuoi punteggi nel tempo

Non hai fatto questo quiz